000 00540nam a2200217Ia 4500
005 20231004094700.0
008 131103s9999 xx 000 0 und d
020 _a226702847
040 _aLoreto College
041 _aEnglish
082 _a297
_bRAH
100 _aRahman, Fazlur
245 _aIslam & Modernity
_cFazlur Rahman
260 _aLondon
_bThe University of Chiccago Press
_c[19?]
300 _a172p.
504 _aIncludes index
650 _aReligion
651 _aReligion-Islam
850 _aLCLIB
942 _cBK
999 _c23012
_d73491